Normal view
MARC view
Entry Personal Name
001 - CONTROL NUMBER
- control field: 699
003 - CONTROL NUMBER IDENTIFIER
- control field: ARRUPE
005 - DATE AND TIME OF LATEST TRANSACTION
- control field: 20130918172805.0
008 - FIXED-LENGTH DATA ELEMENTS
- fixed length control field: 130918|| aca||aabn | a|a d
040 ## - CATALOGING SOURCE
- Original cataloging agency: ARRUPE
- Transcribing agency: ARRUPE
100 ## - HEADING--PERSONAL NAME
- Personal name: Williamson, W. Paul
- Fuller form of name: (William Paul)
670 ## - SOURCE DATA FOUND
- Source citation: Work cat.: (ARRUPE)0: Hood, Ralph W. 696, The psychology of religious fundamentalism /, c2005.